[Event "Harrogate 4NCL op-B 31st"]
[Site "Harrogate"]
[Date "2024.01.20"]
[Round "3"]
[White "Nield, Christopher"]
[Black "May, Paul"]
[Result "1-0"]
[WhiteElo "1437"]
[BlackElo "1828"]
[PlyCount "109"]
[EventDate "2024.01.19"]
[EventType "swiss"]
[EventRounds "5"]
[EventCountry "ENG"]
[SourceTitle "CB06_2024"]
[SourceDate "2024.02.07"]
[SourceVersion "1"]
[SourceVersionDate "2024.02.07"]
[SourceQuality "1"]

1. e4 c5 2. Nf3 a6 3. c3 d5 4. exd5 Qxd5 5. d4 e6 6. Be2 cxd4 7. cxd4 Nc6 8. Nc3 Qd8 9. 0-0 Nf6 10. Be3 Be7 11. Qd2 0-0 12. Rfd1 Nd5 13. Nxd5 exd5 14. a3 h6 15. Rac1 Bd6 16. h3 Bf5 17. Bd3 Be4 18. Qe2 Re8 19. Bxe4 dxe4 20. Nd2 f5 21. d5 Ne5 22. Nc4 Nd3 23. Rc3 Bc7 24. d6 Bxd6 25. Rcxd3 exd3 26. Rxd3 f4 27. Nxd6 fxe3 28. Nxe8 exf2+ 29. Kxf2 Qxe8 30. Qxe8+ Rxe8 31. Rd7 b5 32. Rd6 a5 33. Rd5 Rb8 34. b4 a4 35. Ke3 Kf7 36. Kd4 Ke6 37. Re5+ Kd6 38. Rd5+ Kc6 39. Rc5+ Kb6 40. Re5 Rd8+ 41. Rd5 Rc8 42. Rd6+ Rc6 43. Kd5 Rxd6+ 44. Kxd6 g6 45. g3 g5 46. g4 Kb7 47. Kc5 Kc7 48. Kxb5 Kd6 49. Kxa4 Ke5 50. b5 Kd5 51. Ka5 Ke4 52. b6 Kf3 53. b7 Kg3 54. b8Q+ Kh4 55. Qh8 1-0

[Event "Hull 4NCL op-B"]
[Site "Hull"]
[Date "2023.09.09"]
[Round "3"]
[White "May, Paul"]
[Black "Hambly, David J"]
[Result "1-0"]
[WhiteElo "1736"]
[BlackElo "1691"]
[PlyCount "79"]
[EventDate "2023.09.08"]
[EventType "swiss"]
[EventRounds "5"]
[EventCountry "ENG"]
[SourceTitle "EXT 2024"]
[Source "ChessBase"]
[SourceDate "2023.10.10"]
[SourceVersion "1"]
[SourceVersionDate "2023.10.10"]
[SourceQuality "1"]

1. d4 Nf6 2. c4 g6 3. Nc3 Bg7 4. e4 d6 5. Be2 0-0 6. Bg5 c5 7. d5 b5 8. cxb5 a6 9. a4 axb5 10. axb5 Rxa1 11. Qxa1 Qc7 12. Nf3 Nbd7 13. 0-0 Bb7 14. Qb1 h6 15. Bd2 Ra8 16. b3 Nb6 17. Bc4 Nfd7 18. Qc1 Kh7 19. Qc2 Nxc4 20. bxc4 Qa5 21. Rb1 Nb6 22. Qd3 Nd7 23. g3 Qc7 24. Bc1 Bc8 25. Bb2 Nb6 26. Kg2 Qd7 27. Ng1 Qc7 28. f4 Nd7 29. Nf3 Bb7 30. f5 Ne5 31. Nxe5 Bxe5 32. fxg6+ fxg6 33. Ne2 Bxb2 34. Rxb2 Rf8 35. Nf4 Rf6 36. Ra2 Bc8 37. Ra8 Qd7 38. Ne6 Qb7 39. Qa3 Rxe6 40. Ra7 1-0

[Event "Harrogate 4NCL op 27th"]
[Site "Harrogate"]
[Date "2022.01.23"]
[Round "4"]
[White "Coates, Sam"]
[Black "May, Paul"]
[Result "0-1"]
[WhiteElo "1689"]
[BlackElo "1735"]
[PlyCount "58"]
[EventDate "2022.01.21"]
[EventType "swiss"]
[EventRounds "5"]
[EventCountry "ENG"]
[SourceTitle "CBM 206 Extra"]
[Source "ChessBase"]
[SourceDate "2022.03.31"]
[SourceVersion "1"]
[SourceVersionDate "2022.03.31"]
[SourceQuality "1"]

1. c4 g6 2. Nc3 Bg7 3. g3 e5 4. Bg2 f5 5. e4 Nh6 6. d3 0-0 7. Nge2 Nc6 8. h3 d6 9. 0-0 f4 10. gxf4 exf4 11. Bxf4 g5 12. Bg3 g4 13. Nf4 Nd4 14. hxg4 Nxg4 15. Nce2 Qg5 16. Nh3 Qh6 17. Nxd4 Bxd4 18. Qe2 Ne5 19. Bxe5 dxe5 20. Kh2 Rf4 21. Qd2 Qh5 22. Qd1 Bg4 23. f3 Bd7 24. Qe1 Kh8 25. Rh1 Rg8 26. Qf1 Bxh3 27. Bxh3 Rxf3 28. Rc1 Rxf1 29. Rcxf1 Qe2+ 0-1

[Event "Harrogate 4NCL op 24th"]
[Site "Harrogate"]
[Date "2020.01.18"]
[Round "2"]
[White "Bagley, Andy J"]
[Black "May, Paul"]
[Result "1-0"]
[WhiteElo "1833"]
[BlackElo "1753"]
[PlyCount "99"]
[EventDate "2020.01.17"]
[EventType "swiss"]
[EventRounds "5"]
[EventCountry "ENG"]
[SourceTitle "CBM 195 Extra"]
[Source "ChessBase"]
[SourceDate "2020.05.31"]
[SourceVersion "1"]
[SourceVersionDate "2020.05.31"]
[SourceQuality "1"]

1. d4 g6 2. c4 Bg7 3. e4 c5 4. d5 d6 5. Nc3 e6 6. f3 Ne7 7. Be3 exd5 8. cxd5 0-0 9. Bd3 a6 10. a4 Nd7 11. Nge2 Ne5 12. 0-0 Nxd3 13. Qxd3 f5 14. Qd2 Qc7 15. Bh6 Rd8 16. Bxg7 Kxg7 17. Nf4 Ng8 18. Ne6+ Bxe6 19. dxe6 Ne7 20. Nd5 Nxd5 21. exd5 Qe7 22. Qc3+ Qf6 23. Ra3 Qxc3 24. bxc3 Rab8 25. Rb1 Kf6 26. f4 Rdc8 27. Rab3 Rc7 28. Rb6 Ke7 29. c4 h6 30. Rxa6 g5 31. fxg5 bxa6 32. Rxb8 hxg5 33. Rg8 Kf6 34. Rf8+ Ke5 35. Rf7 Rc8 36. Rb7 f4 37. h3 a5 38. Kf2 Kd4 39. Rd7 Ke5 40. Kf3 Re8 41. Kg4 Rg8 42. Kh5 Kd4 43. Rxd6 Kxc4 44. e7 Re8 45. Rd7 Rxe7 46. Rxe7 Kxd5 47. Kxg5 c4 48. Rc7 Kd4 49. h4 c3 50. h5 1-0

[Event "Harrogate 4NCL op 24th"]
[Site "Harrogate"]
[Date "2020.01.18"]
[Round "3"]
[White "May, Paul"]
[Black "Harris, John2222"]
[Result "1-0"]
[WhiteElo "1753"]
[BlackElo "1556"]
[PlyCount "78"]
[EventDate "2020.01.17"]
[EventType "swiss"]
[EventRounds "5"]
[EventCountry "ENG"]
[SourceTitle "CBM 195 Extra"]
[Source "ChessBase"]
[SourceDate "2020.05.31"]
[SourceVersion "1"]
[SourceVersionDate "2020.05.31"]
[SourceQuality "1"]

1. d4 Nf6 2. c4 g6 3. Nc3 Bg7 4. e4 0-0 5. Be2 c6 6. e5 Ne8 7. f4 d6 8. Nf3 f6 9. exd6 Nxd6 10. 0-0 f5 11. Ne5 c5 12. d5 Nd7 13. Nf3 Nb6 14. Qb3 e6 15. Rd1 exd5 16. Nxd5 Nxd5 17. cxd5 Re8 18. Bb5 Bd7 19. Bxd7 Qxd7 20. Ng5 Bd4+ 21. Kf1 Rac8 22. Ne6 Bf6 23. Bd2 c4 24. Qc2 c3 25. bxc3 Ne4 26. Be1 Nxc3 27. Bxc3 Rxc3 28. Qd2 Rec8 29. Rac1 Qb5+ 30. Kg1 Qc4 31. Rxc3 Bxc3 32. Qe3 b6 33. Ng5 Rf8 34. Qe6+ Kh8 35. Nf7+ Kg7 36. Ng5 Bd4+ 37. Kh1 Kh8 38. Qe7 Bg7 39. Ne6 Qe2 1-0

[Event "GBR-ch Major 106th"]
[Site "Torquay"]
[Date "2019.07.27"]
[Round "1"]
[White "Cleary, Mark"]
[Black "May, Paul"]
[Result "1-0"]
[WhiteElo "2023"]
[BlackElo "1832"]
[PlyCount "63"]
[EventDate "2019.07.27"]
[EventType "swiss"]
[EventRounds "9"]
[EventCountry "ENG"]
[SourceTitle "EXT 2020"]
[Source "ChessBase"]
[SourceDate "2019.10.17"]
[SourceVersion "1"]
[SourceVersionDate "2019.10.17"]
[SourceQuality "1"]

1. d4 g6 2. e4 Bg7 3. Nf3 d6 4. Bc4 a6 5. 0-0 b5 6. Bb3 Bb7 7. Qe2 e6 8. a4 Qd7 9. Rd1 Ne7 10. Nbd2 0-0 11. Nf1 c6 12. c3 Qc7 13. e5 Nd7 14. exd6 Qxd6 15. Ng3 Nd5 16. Ne4 Qc7 17. Bg5 N7f6 18. Nc5 Nd7 19. Ne4 N7f6 20. Bxd5 Nxd5 21. Nc5 Rae8 22. axb5 cxb5 23. Nxa6 Bxa6 24. Rxa6 Qb7 25. Ra5 Rb8 26. Rda1 h6 27. Bd2 Ra8 28. h4 Rxa5 29. Rxa5 Rb8 30. Ne5 Qb6 31. c4 b4 32. Rb5 1-0

[Event "Harrogate 4NCL op-B 21st"]
[Site "Harrogate"]
[Date "2019.01.20"]
[Round "5"]
[White "Cooper, Malcolm H"]
[Black "May, Paul"]
[Result "1/2-1/2"]
[WhiteElo "1925"]
[BlackElo "1797"]
[PlyCount "78"]
[EventDate "2019.01.18"]
[EventType "swiss"]
[EventRounds "5"]
[EventCountry "ENG"]
[SourceTitle "CBM 188 Extra"]
[Source "ChessBase"]
[SourceDate "2019.02.26"]
[SourceVersion "1"]
[SourceVersionDate "2019.02.26"]
[SourceQuality "1"]

1. e4 c5 2. Nf3 a6 3. d4 cxd4 4. Nxd4 Nf6 5. Nc3 e5 6. Nb3 Bb4 7. Bg5 Bxc3+ 8. bxc3 h6 9. Bxf6 Qxf6 10. Bc4 0-0 11. 0-0 Nc6 12. Qd3 d6 13. Rfd1 Rd8 14. a4 Be6 15. Bd5 Bxd5 16. Qxd5 Kf8 17. Rab1 Rab8 18. Qd3 Qf4 19. Nd2 Ne7 20. c4 h5 21. Rb3 Nc6 22. Rdb1 Qg4 23. Rxb7 Rxb7 24. Rxb7 Nd4 25. f3 Qh4 26. Rb1 Qg5 27. c3 Ne6 28. Nf1 Nf4 29. Qd2 Ke7 30. Ne3 Ke6 31. Rb6 h4 32. Rxa6 Nxg2 33. Qd5+ Ke7 34. Ra7+ Rd7 35. Rxd7+ Kxd7 36. Ng4 h3 37. Qb7+ Kd8 38. Qb8+ Kd7 39. Qb7+ Kd8 1/2-1/2

[Event "Harrogate 4NCL op-B 21st"]
[Site "Harrogate"]
[Date "2019.01.20"]
[Round "4"]
[White "May, Paul"]
[Black "Molano Lafuente, Ismael"]
[Result "1-0"]
[WhiteElo "1797"]
[BlackElo "1935"]
[PlyCount "77"]
[EventDate "2019.01.18"]
[EventType "swiss"]
[EventRounds "5"]
[EventCountry "ENG"]
[SourceTitle "CBM 188 Extra"]
[Source "ChessBase"]
[SourceDate "2019.02.26"]
[SourceVersion "1"]
[SourceVersionDate "2019.02.26"]
[SourceQuality "1"]

1. d4 d5 2. c4 e6 3. Nc3 f5 4. Nf3 Nf6 5. Bg5 c6 6. c5 Nbd7 7. b4 Be7 8. e3 0-0 9. Be2 Ne4 10. Bxe7 Qxe7 11. Qc1 Qf6 12. 0-0 e5 13. dxe5 Nxe5 14. Nd4 Nxc3 15. Qxc3 f4 16. Qd2 Bd7 17. exf4 Qxf4 18. Qxf4 Rxf4 19. Rad1 a6 20. g3 Re4 21. f3 Re3 22. f4 Nf7 23. Rd3 Rae8 24. Rxe3 Rxe3 25. Rf3 Re4 26. Rd3 g5 27. Bf3 Re1+ 28. Kf2 Ra1 29. Rd2 gxf4 30. gxf4 Rb1 31. a3 Ra1 32. Rd3 Ra2+ 33. Kg3 Nh6 34. h3 Nf5+ 35. Nxf5 Bxf5 36. Rxd5 Be6 37. Rd3 Kf7 38. Bg4 Bd5 39. Bc8 1-0

[Event "Harrogate 4NCL op-B 21st"]
[Site "Harrogate"]
[Date "2019.01.18"]
[Round "1"]
[White "Both, Aaron"]
[Black "May, Paul"]
[Result "1-0"]
[WhiteElo "1983"]
[BlackElo "1797"]
[PlyCount "45"]
[EventDate "2019.01.18"]
[EventType "swiss"]
[EventRounds "5"]
[EventCountry "ENG"]
[SourceTitle "CBM 188 Extra"]
[Source "ChessBase"]
[SourceDate "2019.02.26"]
[SourceVersion "1"]
[SourceVersionDate "2019.02.26"]
[SourceQuality "1"]

1. e4 c5 2. Nc3 a6 3. a4 b6 4. f4 Bb7 5. Nf3 e6 6. d3 d6 7. g3 Nc6 8. Bg2 Qc7 9. f5 Nd4 10. fxe6 Nxf3+ 11. Qxf3 fxe6 12. 0-0 Nf6 13. Bg5 Be7 14. Bh3 Rf8 15. Bxe6 Nxe4 16. Bf7+ Kd8 17. Bxe7+ Qxe7 18. Nxe4 Bd5 19. Bxd5 Rxf3 20. Rxf3 Rc8 21. Raf1 Qe5 22. Rf8+ Kc7 23. R1f7+ 1-0

[Event "Doncaster 4NCL op-B 18th"]
[Site "Doncaster"]
[Date "2018.04.14"]
[Round "2.9"]
[White "May, Paul"]
[Black "Robinson, Brian"]
[Result "1-0"]
[WhiteElo "1766"]
[BlackElo "1597"]
[PlyCount "55"]
[EventDate "2018.04.13"]
[EventType "swiss"]
[EventRounds "5"]
[EventCountry "ENG"]
[SourceTitle "EXT 2023"]
[Source "ChessBase"]
[SourceDate "2022.10.05"]
[SourceVersion "1"]
[SourceVersionDate "2022.10.05"]
[SourceQuality "1"]

1. d4 Nf6 2. c4 e6 3. Nc3 d5 4. Bg5 h6 5. Bh4 Be7 6. c5 c6 7. e3 Nbd7 8. Nf3 0-0 9. Bd3 b6 10. b4 a5 11. a3 Re8 12. h3 Ba6 13. 0-0 Bxd3 14. Qxd3 Ra7 15. Bg3 Qa8 16. Qb1 Qb7 17. Rc1 Rea8 18. bxa5 Rxa5 19. a4 b5 20. Nxb5 cxb5 21. c6 Qa7 22. cxd7 Bd8 23. Ne5 Rxa4 24. Rxa4 Qxa4 25. Rc8 Qa6 26. Rxa8 Qxa8 27. Qxb5 Be7 28. Qc6 1-0

[Event "Doncaster 4NCL op-B 18th"]
[Site "Doncaster"]
[Date "2018.04.13"]
[Round "1.5"]
[White "Ashcroft, Graham J"]
[Black "May, Paul"]
[Result "1-0"]
[WhiteElo "1885"]
[BlackElo "1766"]
[PlyCount "96"]
[EventDate "2018.04.13"]
[EventType "swiss"]
[EventRounds "5"]
[EventCountry "ENG"]
[SourceTitle "EXT 2023"]
[Source "ChessBase"]
[SourceDate "2022.10.05"]
[SourceVersion "1"]
[SourceVersionDate "2022.10.05"]
[SourceQuality "1"]

1. c4 g6 2. g3 Bg7 3. Bg2 e5 4. e4 d6 5. Nc3 Nc6 6. Nge2 Nh6 7. 0-0 f5 8. d3 Nf7 9. Be3 g5 10. exf5 Bxf5 11. d4 0-0 12. Qd2 exd4 13. Nxd4 Nxd4 14. Bxd4 c6 15. Bxg7 Kxg7 16. Rad1 Re8 17. Rfe1 Qf6 18. b3 Rad8 19. Ne4 Bxe4 20. Bxe4 Ne5 21. Re3 g4 22. Qe2 Rf8 23. Kg2 Qh6 24. f4 gxf3+ 25. Bxf3 Nxf3 26. Rxf3 Rxf3 27. Qxf3 Qf6 28. Rd2 Rf8 29. Qxf6+ Rxf6 30. g4 Kg6 31. Re2 Kf7 32. h4 d5 33. cxd5 cxd5 34. Kg3 Re6 35. Rxe6 Kxe6 36. Kf4 h6 37. g5 hxg5+ 38. hxg5 d4 39. Ke4 d3 40. Kxd3 Kf5 41. Kd4 Kxg5 42. Kd5 Kf5 43. Kd6 Ke4 44. Kc7 b5 45. Kc6 a6 46. Kb6 Kd4 47. Kxa6 Kc5 48. Ka5 Kc6 1-0

[Event "Harrogate 4NCL op-B 17th"]
[Site "Harrogate"]
[Date "2018.01.21"]
[Round "4"]
[White "Gardiner, Eric D"]
[Black "May, Paul"]
[Result "1/2-1/2"]
[WhiteElo "1977"]
[BlackElo "1689"]
[PlyCount "98"]
[EventDate "2018.01.19"]
[EventType "swiss"]
[EventRounds "5"]
[EventCountry "ENG"]
[SourceTitle "CBM 182 Extra"]
[Source "ChessBase"]
[SourceDate "2018.02.23"]
[SourceVersion "1"]
[SourceVersionDate "2018.02.23"]
[SourceQuality "1"]

1. d4 g6 2. e4 Bg7 3. Nc3 a6 4. f4 b5 5. Nf3 d6 6. Bd3 Bb7 7. 0-0 Nd7 8. a4 b4 9. Ne2 Nh6 10. Kh1 0-0 11. Be3 d5 12. e5 e6 13. Qd2 Ng4 14. Bg1 a5 15. c3 Qe7 16. h3 Nh6 17. Bf2 Ba6 18. Nc1 c5 19. cxb4 Bxd3 20. Nxd3 cxb4 21. Rfc1 Rfc8 22. Rc2 Nb6 23. Nc5 Qe8 24. b3 Nf5 25. Ne1 Ra7 26. Rac1 Bf8 27. Ned3 Kg7 28. g4 Ne7 29. Bh4 Ng8 30. Qf2 Be7 31. f5 Bxh4 32. Qxh4 h6 33. Nf4 exf5 34. gxf5 g5 35. Nh5+ Kh7 36. Qg4 Rac7 37. f6 Nd7 38. Qf5+ Kh8 39. Ng7 Qd8 40. Nb7 Rxc2 41. Rxc2 Qf8 42. Rxc8 Qxc8 43. Nd6 Qc1+ 44. Kg2 Qb2+ 45. Kf1 Qc1+ 46. Ke2 Qb2+ 47. Ke1 Qc3+ 48. Kf1 Qc1+ 49. Ke2 Qb2+ 1/2-1/2

[Event "Harrogate 4NCL op-B 12th"]
[Site "Harrogate"]
[Date "2017.01.06"]
[Round "1"]
[White "May, Paul"]
[Black "Wagg, Joel"]
[Result "0-1"]
[WhiteElo "1795"]
[BlackElo "1915"]
[PlyCount "80"]
[EventDate "2017.01.06"]
[EventType "swiss"]
[EventRounds "5"]
[EventCountry "ENG"]
[SourceTitle "CBM 176 Extra"]
[Source "ChessBase"]
[SourceDate "2017.03.02"]
[SourceVersion "1"]
[SourceVersionDate "2017.03.02"]
[SourceQuality "1"]

1. d4 Nf6 2. c4 g6 3. Nc3 Bg7 4. e4 d6 5. h3 0-0 6. Bg5 Nbd7 7. Bd3 c5 8. d5 Qa5 9. Qd2 Ne5 10. Be2 Re8 11. f4 Ned7 12. Nf3 a6 13. 0-0 Rb8 14. g4 b5 15. e5 b4 16. exf6 bxc3 17. bxc3 exf6 18. Bh4 Nb6 19. Rab1 f5 20. g5 Bxc3 21. Qc2 Rb7 22. Be1 Bxe1 23. Rfxe1 Rbe7 24. Kf2 Re4 25. Bd3 Rxe1 26. Rxe1 Rxe1 27. Nxe1 Na4 28. Qe2 Kf8 29. Ke3 Bd7 30. h4 Nc3 31. Qd2 Qa3 32. Nc2 Qb2 33. a3 Ba4 34. Kf3 Bxc2 35. Qxc2 Qxa3 36. Ke3 Na2 37. Kd2 Nb4 38. Qc3 Qxc3+ 39. Kxc3 Nxd3 40. Kxd3 f6 0-1

[Event "Wakefield 4NCL op-B 8th"]
[Site "Wakefield"]
[Date "2016.04.01"]
[Round "1"]
[White "May, Paul"]
[Black "Porter, Richard J"]
[Result "0-1"]
[WhiteElo "1817"]
[BlackElo "1952"]
[PlyCount "72"]
[EventDate "2016.04.01"]
[EventType "swiss"]
[EventRounds "5"]
[EventCountry "ENG"]
[SourceTitle "CBM 171 Extra"]
[Source "ChessBase"]
[SourceDate "2016.04.26"]
[SourceVersion "1"]
[SourceVersionDate "2016.04.26"]
[SourceQuality "1"]

1. d4 Nf6 2. c4 e6 3. Nc3 Bb4 4. f3 d5 5. a3 Bxc3+ 6. bxc3 0-0 7. Bg5 c5 8. e3 h6 9. Bh4 cxd4 10. cxd4 Nc6 11. Bd3 g5 12. Bf2 dxc4 13. Bxc4 Qa5+ 14. Qd2 Qa4 15. Qc3 Na5 16. Bd3 Nd5 17. Qc2 Nb3 18. Kf1 Nb4 19. Bh7+ Kg7 20. Qd1 Qa6+ 21. Ne2 Nxa1 22. Qxa1 Kxh7 23. Qb1+ Nd3 24. Nc1 Kg8 25. Nxd3 Bd7 26. Kg1 Qxa3 27. h4 Rac8 28. Be1 Ba4 29. Bb4 Qb3 30. Qxb3 Bxb3 31. Bxf8 Rxf8 32. hxg5 hxg5 33. Nc5 Bd5 34. Nd7 Rc8 35. Nf6+ Kg7 36. Nxd5 Rc1+ 0-1

[Event "Wetherby 4NCL op-B 6th"]
[Site "Wetherby"]
[Date "2016.01.10"]
[Round "4"]
[White "May, Paul"]
[Black "Harker, Peter"]
[Result "1-0"]
[WhiteElo "1817"]
[BlackElo "1675"]
[PlyCount "65"]
[EventDate "2016.01.08"]
[EventType "swiss"]
[EventRounds "5"]
[EventCountry "ENG"]
[SourceTitle "CBM 170 Extra"]
[Source "ChessBase"]
[SourceDate "2016.02.25"]
[SourceVersion "1"]
[SourceVersionDate "2016.02.25"]
[SourceQuality "1"]

1. d4 Nf6 2. c4 g6 3. Nc3 d5 4. Nf3 Nc6 5. Qb3 dxc4 6. Qxc4 Be6 7. Qb5 Qd7 8. e4 a6 9. Qxb7 Rb8 10. Qxa6 Nxd4 11. Nxd4 Qxd4 12. Qc6+ Qd7 13. Bb5 Bg7 14. Qa6 Rxb5 15. Qxb5 0-0 16. Qxd7 Nxd7 17. 0-0 Bc4 18. Rd1 Ne5 19. Be3 Nd3 20. Rab1 Bxc3 21. bxc3 Bxa2 22. Rb7 Ra8 23. Ra7 Rxa7 24. Bxa7 Ne5 25. Bb8 Bb3 26. Rd8+ Kg7 27. Bxc7 Nc6 28. Ra8 e6 29. Ra6 Ne7 30. f3 h5 31. Kf2 Ng8 32. Be5+ Nf6 33. h4 1-0

[Event "Wetherby 4NCL op-B 6th"]
[Site "Wetherby"]
[Date "2016.01.09"]
[Round "3"]
[White "Cawston, M John"]
[Black "May, Paul"]
[Result "1-0"]
[WhiteElo "1878"]
[BlackElo "1817"]
[PlyCount "151"]
[EventDate "2016.01.08"]
[EventType "swiss"]
[EventRounds "5"]
[EventCountry "ENG"]
[SourceTitle "CBM 170 Extra"]
[Source "ChessBase"]
[SourceDate "2016.02.25"]
[SourceVersion "1"]
[SourceVersionDate "2016.02.25"]
[SourceQuality "1"]

1. Nf3 g6 2. g3 Bg7 3. Bg2 d5 4. 0-0 Nf6 5. d4 0-0 6. c4 c6 7. Qb3 dxc4 8. Qxc4 Be6 9. Qd3 Bf5 10. Qb3 Qc8 11. Nc3 Nbd7 12. Rd1 Nb6 13. Ne5 Be6 14. Qc2 Nfd5 15. Nxd5 cxd5 16. Qb3 f6 17. Nd3 Bf7 18. Bf4 Qc4 19. Rac1 Qxb3 20. axb3 g5 21. Bd2 Nc8 22. Rc7 e6 23. Rdc1 b6 24. Nb4 Nd6 25. Nc6 Nb5 26. Rb7 Be8 27. e3 Bxc6 28. Rxc6 Rf7 29. Rxf7 Kxf7 30. Bf1 a6 31. Rxb6 h5 32. Bd3 f5 33. h3 Kf6 34. Bxb5 axb5 35. Rxb5 Bf8 36. Ra5 Rb8 37. Bc3 Rxb3 38. Ra4 Bd6 39. Kf1 f4 40. gxf4 gxf4 41. Ke2 Kf5 42. Kd3 Rb8 43. Ra6 Bf8 44. Ra7 Bh6 45. Rf7+ Kg6 46. Re7 Kf6 47. Rh7 Kg6 48. Rd7 Rf8 49. e4 dxe4+ 50. Kxe4 Rf5 51. f3 Kg5 52. Be1 Rb5 53. h4+ Kf6 54. Bc3 Kg6 55. d5 exd5+ 56. Rxd5 Rb3 57. Rd6+ Kh7 58. Kf5 Rb5+ 59. Ke6 Rb7 60. Rd7+ Rxd7 61. Kxd7 Kg6 62. Ke6 Bf8 63. Bf6 Bb4 64. Bg5 Bd2 65. Ke5 Be1 66. Be7 Kf7 67. Bd8 Ke8 68. Bg5 Kd7 69. Kxf4 Ke6 70. Ke4 Bf2 71. f4 Be1 72. f5+ Kf7 73. Kd5 Bg3 74. b4 Bf2 75. b5 Bg1 76. Kc6 1-0

[Event "Wetherby 4NCL op-B 6th"]
[Site "Wetherby"]
[Date "2016.01.08"]
[Round "1"]
[White "Haley, Ian"]
[Black "May, Paul"]
[Result "0-1"]
[WhiteElo "1675"]
[BlackElo "1817"]
[PlyCount "56"]
[EventDate "2016.01.08"]
[EventType "swiss"]
[EventRounds "5"]
[EventCountry "ENG"]
[SourceTitle "CBM 170 Extra"]
[Source "ChessBase"]
[SourceDate "2016.02.25"]
[SourceVersion "1"]
[SourceVersionDate "2016.02.25"]
[SourceQuality "1"]

1. e4 c5 2. d4 cxd4 3. c3 dxc3 4. Nxc3 e5 5. Bc4 Bb4 6. Nf3 Bxc3+ 7. bxc3 Qe7 8. Qb3 h6 9. Ba3 Qf6 10. Rd1 Nc6 11. Rd6 Qf4 12. 0-0 Na5 13. Qb4 Nc6 14. Qb1 Nf6 15. Bd5 Nxd5 16. exd5 Ne7 17. Re1 Qa4 18. Qb3 Qxb3 19. axb3 f6 20. g4 b6 21. Nd2 Bb7 22. c4 Nc8 23. Ne4 Kd8 24. f4 exf4 25. Kf2 Re8 26. Kf3 Kc7 27. Kxf4 Rxe4+ 28. Kxe4 Nxd6+ 0-1